000 00578nam a2200217Ia 4500
005 20241129104216.0
008 241129s9999||||xx |||||||||||||| ||und||
020 _a9780745347615
037 _aTextual
040 _aRTL
_beng
_cRTL
041 _aeng
_2eng
084 _aY9(4) Q2
_qRTL
100 _aMaurizi Stefania
_9725240
245 0 _aSecret power
_cMaurizi Stefania
260 _aLas Vegas
_bPluto Press
_c2022
300 _axii,338p.
365 _aINR
_b1520.44
650 _aPolitical Science
942 _cTB
_hY9(4) Q2
999 _c1224885
_d1224885